01064 a2200217 4500003000500000005001700005020001800022040000900040082001500049100002400064245010400088260005300192300002500245505031200270650003300582650004900615700002700664942001200691999001900703952012400722Nust20250128114401.0 a81-265-0437-4 cNust00a621.46,MIL1 aMiller, Rex,94183910aSmall electric motors use,selection,operation,repair,and maintenance /cRex Miller, Mark R. Miller. aEnglewood Cliffs, N.J. :bPrentice-Hall,cc2003. a436pbill. ;c29 cm. aPart 1: Introduction (Page-3), Part 2: Fractional Horsepower Motors (Page-45), Part 3: Maintenance and Repair (Page-153), Part 4: Modification of Motors (Page-299) Part 5: Motor Selection and Replacement (Page-319), Part 6:Electronically Operated Motors (Page-341), Part 7: Motor Terminology (Page-365).  0aElectric controllers.941202 0aElectric motorsxElectronic control.91065771 aMiller, Mark R.983617 2ddccBK c183930d183930 00102ddc4070aMCSbMCScGENd2016-12-12o621.46,MILpMCS30310r2016-12-08w2016-12-12yBKzAlmirah No.40, Shelf No.6